Представление документа в формате RUSMARC

ПолеНазваниеЗначение
  Тип записи a
  Библиографический уровень m
001 Контрольный номер 19067d68aba640698aa97becbcbf8f8f
005 Дата корректировки 20140919042219.5
010 Индекс ISBN __
a ISBN 5-94231-095-5
200 Заглавие и сведения об ответственности 1_
a Заглавие Автоматизация бухгалтерского учета
e Сведения, относящиеся к заглавию Лабораторный практикум для нач.и проф.образования
f Первые сведения об ответственности Брыкова Наталья Валентиновна
210 Выходные данные 1_
a Место издания М.
c Издательство ПрофОбрИздат
d Дата издания 2002
215 Физическое описание __
a Объем 79 с.
225 Серия 2_
a Серия Серия "Профессиональное образование"
610 Ключевые слова 0_
a Ключевые слова бухгалтерский учет
610 Ключевые слова 0_
a Ключевые слова автоматизация бухгалтерского учета
610 Ключевые слова 0_
a Ключевые слова план-счетов
610 Ключевые слова 0_
a Ключевые слова 1С:Бухгалтерия
686 Индексы других классификаций __
a Классификационный индекс 65.052.9(2)214
2 Код системы rubbk
700 Автор _1
a Фамилия Брыкова Наталья Валентиновна
801 Источник записи _0
a Страна RU
b Организация РУК
c Дата составления 20021009
g Правила каталогизации PSBO
801 Источник записи _1
a Страна RU
b Организация РУК
c Дата составления 20021009
g Правила каталогизации PSBO
852 Данные о местонахождении __
j Шифр хранения ББК 65.052
i Авторский знак Б 89
901 Тип документа __
t Тип документа m
938 Служебная информация __
a Название организации Головной вуз
b Имя БД BOOK
c Название АИБС АИБС ИРБИС
938 Служебная информация __
a Название организации Камчатский филиал